01411nam a2200277 a 450000100100000000500170001000800410002704000250006808200160009311000550010924501950016426000480035930000210040750001000042850500220052850500310055065000580058165000340063970000380067370000330071170000420074470000350078695201130082195201840093499900150111800000625820260202103257.0090827s1986 dr 001 0 spa d aDO-SdBNPbspacBNPHU a377.8bI43r2 aUniversidad Tecnológica de Santiago UTESA91747313aLa influencia de la religión en el desarrollo educativo dominicano /cpresentado por: Rosario Olio de Regalado, Norma Reyes de Checo, Carmen Pérez de Rodríguez, William Genaro López. aSantiago de los Caballeros :bUTESA,c1986. a223 p. ;c21 cm. aTrabajo presentado como requisito para obtener el grado de master en ciencias de la educación2 aIncluye índice.2 aIncluye nota de contenido. 4aEducación católicazRepública Dominicana917474 0aIglesia y educación 9174751 aOlivo de Regalado, Rosario9174761 aReyes de Checo, Norma9174771 aPérez de Rodríguez, Carmen9174781 aGenaro López, William917479 0010718PDaPDbPDcHDd2009-08-27iLF1l0o377.8 I43rp6258-10r2020-06-25w2020-06-25yLFPDZNo se presta 0010718PDaPDbPDcHDd2019-05-30iLF1l0o377.8 I43rp6258-20r2020-06-25te.2w2020-06-25yLFPDzPerteneció a la bilbioteca personal de la familia Reyes Duluc.ZNo se presta c6053d6053